Statistics for Smallest Countries Bordering Each Other

Click here to take the quiz!

General Stats

  • This quiz has been taken 15,611 times
  • The average score is 18 of 24

Answer Stats

Country % Correct
Liechtenstein
90%
Switzerland
88%
Austria
86%
Luxembourg
86%
Belgium
83%
Montenegro
82%
Slovenia
82%
North Macedonia
82%
Kosovo
82%
Croatia
82%
Serbia
82%
Netherlands
81%
Bosnia and
Herzegovina
81%
Albania
80%
Vatican City
72%
Italy
71%
San Marino
71%
Haiti
67%
Dominican Republic
65%
Israel
55%
Lebanon
53%
Rwanda
53%
Jordan
53%
Burundi
50%

Score Distribution

Percentile by Number Answered

Percent of People with Each Score

Your Score History

You have not taken this quiz